[Event "ch-RUS Superfinal w 2014"]
[Site "Kazan RUS"]
[Date "2014.12.02"]
[Round "5.3"]
[White "Gritsayeva, Oksana"]
[Black "Kovalevskaya, Ekaterina"]
[Result "0-1"]
[WhiteTitle "WFM"]
[BlackTitle "IM"]
[WhiteElo "2335"]
[BlackElo "2439"]
[WhiteFideId "14104652"]
[BlackFideId "4116704"]
[EventDate "2014.11.28"]

1. e4 c5 2. c3 d5 3. exd5 Qxd5 4. d4 Nf6 5. Nf3 cxd4 6. cxd4 e6 7. Bd3 Be7 8.
O-O O-O 9. Nc3 Qd8 10. Re1 Nc6 11. a3 b6 12. Bc2 Ba6 13. b4 Rc8 14. Bb3 Nxd4 15.
Qxd4 Qxd4 16. Nxd4 Rxc3 17. Bb2 Rc7 18. Bxe6 fxe6 19. Nxe6 Rc2 20. Nxf8 Kxf8 21.
Be5 Bc4 22. Rac1 Rxc1 23. Rxc1 b5 24. Bd4 a6 25. Re1 Kf7 26. f3 Nd5 27. g3 Bd8
28. Kf2 g6 29. Re4 Bg5 30. f4 Bd8 31. Re1 Nf6 32. Kg1 h5 33. Re3 Ne8 34. Re1 Nf6
35. Bc5 Nd5 36. Bd4 Be7 37. Kg2 Nc7 38. Be5 Ne8 39. Bd4 Bf8 40. Kf2 Nc7 41. Be5
Nd5 42. Bd4 Be7 43. Kf3 Nf6 44. Kg2 Bd5+ 45. Kg1 h4 46. Rc1 Bc4 47. Re1 h3 48.
Kf2 Ng4+ 49. Kg1 g5 50. fxg5 Bxg5 51. Re4 Be6 52. Re1 Bd5 53. Ra1 Bg2 54. a4 Ne5
55. Kf2 Nf3 56. Bc5 Nxh2 57. axb5 axb5 58. Ke2 Nf3 59. Kf2 Ne5 0-1

[Event "ch-RUS Superfinal w 2014"]
[Site "Kazan RUS"]
[Date "2014.12.02"]
[Round "5.4"]
[White "Girya, Olga"]
[Black "Gunina, Valentina"]
[Result "0-1"]
[WhiteTitle "WGM"]
[BlackTitle "GM"]
[WhiteElo "2457"]
[BlackElo "2522"]
[WhiteFideId "4195752"]
[BlackFideId "4167570"]
[EventDate "2014.11.28"]

1. d4 Nf6 2. c4 e6 3. Nf3 Bb4+ 4. Nbd2 O-O 5. a3 Be7 6. e3 c5 7. Bd3 cxd4 8.
exd4 b6 9. O-O Bb7 10. Re1 d5 11. b3 Nbd7 12. Bb2 Re8 13. Qe2 Nf8 14. Rac1 dxc4
15. bxc4 Ng6 16. g3 Qc7 17. Qd1 Rad8 18. Qb3 Qb8 19. Rcd1 Qa8 20. Bf1 Ng4 21. h3
Nh6 22. h4 Nf5 23. h5 Nf8 24. g4 Nh4 25. Nxh4 Bxh4 26. Qe3 h6 27. Bd3 Nh7 28. f4
f5 29. Re2 fxg4 30. Rh2 Bf6 31. Ne4 Be7 32. Re1 Nf6 33. Nxf6+ Bxf6 34. Bg6 Re7
35. d5 Bxb2 36. Rxb2 Qc8 37. dxe6 Qc6 38. Be4 Qxc4 39. Bxb7 Rxb7 40. Rb4 Qd5 41.
Qe5 Re7 42. f5 Qf3 43. Rf1 Rd1 44. Rxd1 Qxd1+ 45. Kh2 Qf3 46. Rf4 Qh3+ 47. Kg1
Qxh5 48. Qe2 Qh3 49. Qxg4 Qe3+ 50. Kg2 Rc7 51. Rf2 Kh8 52. Qg6 Qe4+ 53. Kh2 Rc8
54. Qh5 Qe5+ 55. Kg2 Qd5+ 56. Kh2 Qd6+ 57. Kg2 Qc6+ 58. Kh2 Qc7+ 59. Kg2 Qb7+
60. Kh2 Qb8+ 61. Kg2 Rc3 62. Qg6 Qb7+ 63. Kg1 Qc6 64. Rd2 Rc1+ 65. Kf2 Qc5+ 66.
Ke2 Qe5+ 67. Kf3 Rc3+ 68. Kg2 Qe4+ 69. Kf1 Qf3+ 70. Kg1 Rc1+ 0-1

[Event "ch-RUS Superfinal w 2014"]
[Site "Kazan RUS"]
[Date "2014.12.02"]
[Round "5.5"]
[White "Pogonina, Natalija"]
[Black "Galliamova, Alisa"]
[Result "0-1"]
[WhiteTitle "WGM"]
[BlackTitle "IM"]
[WhiteElo "2480"]
[BlackElo "2471"]
[WhiteFideId "4147855"]
[BlackFideId "4129725"]
[EventDate "2014.11.28"]

1. e4 e5 2. Nf3 Nc6 3. Bb5 g6 4. O-O Bg7 5. c3 a6 6. Ba4 Nge7 7. d4 exd4 8. cxd4
b5 9. Bb3 O-O 10. Nc3 Na5 11. Bc2 d6 12. h3 c5 13. Bg5 h6 14. Bf4 cxd4 15. Nxd4
Bb7 16. Rb1 Rc8 17. Nde2 d5 18. e5 Nc4 19. Re1 Nxe5 20. Nd4 Nc4 21. Qd3 Nc6 22.
Nxc6 Bxc6 23. b3 Na3 24. Rbc1 b4 25. Nd1 d4 26. Qd2 Nxc2 27. Rxc2 Qd5 28. f3 d3
29. Rc1 Bb5 30. Kh1 a5 31. Ne3 Qd4 32. Ng4 Rxc1 33. Rxc1 h5 34. Nf2 Ba6 35. Rc6
Qa1+ 36. Kh2 Bc3 37. Qe3 Bb5 38. Rd6 Qxa2 39. Rd5 Ba6 40. Nxd3 Qxb3 41. Rxa5
Bxd3 42. Qxd3 Rc8 43. Qe3 Qc4 44. Be5 b3 45. Bxc3 Qxc3 46. Qb6 Qd2 47. Ra4 Rc2
48. Qb8+ Kh7 49. Qg3 b2 50. Ra7 b1=Q 51. Rxf7+ Kh6 0-1

[Event "ch-RUS Superfinal w 2014"]
[Site "Kazan RUS"]
[Date "2014.12.04"]
[Round "6.1"]
[White "Goryachkina, Aleksandra"]
[Black "Pogonina, Natalija"]
[Result "1/2-1/2"]
[WhiteTitle "WGM"]
[BlackTitle "WGM"]
[WhiteElo "2438"]
[BlackElo "2480"]
[WhiteFideId "4147103"]
[BlackFideId "4147855"]
[EventDate "2014.11.28"]

1. d4 Nf6 2. c4 e6 3. Nf3 d5 4. Nc3 Be7 5. Bf4 O-O 6. e3 c5 7. dxc5 Bxc5 8. cxd5
Nxd5 9. Nxd5 exd5 10. a3 Nc6 11. Bd3 Bb6 12. O-O Bg4 13. h3 Bh5 14. b4 d4 15. g4
Bg6 16. e4 Re8 17. Re1 h5 18. Kg2 hxg4 19. hxg4 Bc7 20. Qd2 Rc8 21. Rad1 a6 22.
Bxc7 Rxc7 23. Qf4 Rce7 24. Re2 Qc7 25. Kg3 Ne5 26. Nxe5 Rxe5 27. Rc2 Qd6 28. f3
Bxe4 29. Bc4 Bd5 30. Bxd5 Rxd5 31. Qxd6 Rxd6 32. Rd3 g5 33. Rc5 f6 34. Rc7 b5
35. Kf2 Kf8 36. Rd1 Re7 37. Rc8+ Kf7 38. Rd3 Re5 39. Rc7+ Ke6 40. Rc8 Kf7 41.
Rc7+ Ke6 42. Rc8 f5 43. gxf5+ Rxf5 44. Kg3 Re5 45. f4 Rf5 46. fxg5 Rxg5+ 47. Kf4
Rg1 48. Rc5 Rf1+ 49. Ke4 Re1+ 50. Kf4 Kd7 51. Rc2 Rh1 52. Rcd2 Kc6 53. Rxd4
Rxd4+ 54. Rxd4 Rh3 55. Ke5 Re3+ 56. Re4 Rxa3 57. Kd4 Ra4 58. Re6+ Kd7 59. Kd5
Rxb4 1/2-1/2

[Event "ch-RUS Superfinal w 2014"]
[Site "Kazan RUS"]
[Date "2014.12.04"]
[Round "6.2"]
[White "Kosteniuk, Alexandra"]
[Black "Galliamova, Alisa"]
[Result "0-1"]
[WhiteTitle "GM"]
[BlackTitle "IM"]
[WhiteElo "2541"]
[BlackElo "2471"]
[WhiteFideId "4128125"]
[BlackFideId "4129725"]
[EventDate "2014.11.28"]

1. d4 d5 2. c4 c6 3. cxd5 cxd5 4. Bf4 Nf6 5. Nc3 e6 6. e3 Nc6 7. Bd3 Be7 8. h3
O-O 9. Rc1 Bd7 10. a3 a6 11. Nf3 b5 12. O-O Qb6 13. Ne5 Rfd8 14. Bg5 h6 15. Bh4
Be8 16. f4 Na5 17. Qf3 Ra7 18. Rc2 Nc4 19. Bf2 Rc7 20. Rfc1 Rdc8 21. Bxc4 bxc4
22. e4 dxe4 23. Nxe4 Nxe4 24. Qxe4 Qb5 25. Qe3 Qd5 26. Qg3 Ba4 27. Rd2 h5 28.
Rc3 Rb7 29. Be3 Bd8 30. Rf2 Rb3 31. f5 f6 32. fxe6 Qxe6 33. Ng6 Qe4 34. Nh4 Bd7
35. Bh6 g5 36. Bxg5 fxg5 37. Qd6 Qe7 38. Qg6+ Qg7 39. Qxa6 Rxc3 40. bxc3 gxh4
41. Qd6 Rc6 42. Qd5+ Re6 43. Rf5 Bf6 44. Qxc4 Qg6 45. Rf1 Kg7 46. d5 Re7 47. d6
Bxh3 48. Qc6 Re4 49. Qb7+ Kg8 50. Rf2 Re1+ 51. Rf1 Rxf1+ 52. Kxf1 Be6 53. Qa8+
Kh7 54. Qb7+ Kh6 0-1

[Event "ch-RUS Superfinal w 2014"]
[Site "Kazan RUS"]
[Date "2014.12.04"]
[Round "6.3"]
[White "Kovalevskaya, Ekaterina"]
[Black "Bodnaruk, Anastasia"]
[Result "1-0"]
[WhiteTitle "IM"]
[BlackTitle "IM"]
[WhiteElo "2439"]
[BlackElo "2411"]
[WhiteFideId "4116704"]
[BlackFideId "4181751"]
[EventDate "2014.11.28"]

1. e4 c5 2. Nf3 e6 3. d4 cxd4 4. Nxd4 Nc6 5. Nc3 Qc7 6. Be3 a6 7. Qf3 Nf6 8.
O-O-O Bb4 9. Nxc6 Qxc6 10. Bd4 Bxc3 11. Bxc3 Qxe4 12. Qxe4 Nxe4 13. Bxg7 Rg8 14.
Bd4 f5 15. f3 Ng5 16. Bb6 Nf7 17. h3 h5 18. g4 fxg4 19. hxg4 hxg4 20. fxg4 d6
21. Rh7 Bd7 22. Bd3 Rc8 23. Rf1 Ng5 24. Rh6 Bb5 25. Bxb5+ axb5 26. Be3 Rc4 27.
Bxg5 Rxg5 28. Rxe6+ Kd7 29. Rff6 Rd4 30. Rg6 Re5 31. Rxe5 dxe5 32. c3 Rd5 33.
Rf6 Rd3 34. g5 Rg3 35. g6 Ke7 36. Rb6 Rg2 37. g7 e4 38. Rxb7+ Kf6 39. Rxb5 e3
40. Kd1 Kxg7 41. a4 Kf6 42. a5 Rd2+ 43. Ke1 1-0

[Event "ch-RUS Superfinal w 2014"]
[Site "Kazan RUS"]
[Date "2014.12.04"]
[Round "6.4"]
[White "Gunina, Valentina"]
[Black "Gritsayeva, Oksana"]
[Result "1-0"]
[WhiteTitle "GM"]
[BlackTitle "WFM"]
[WhiteElo "2522"]
[BlackElo "2335"]
[WhiteFideId "4167570"]
[BlackFideId "14104652"]
[EventDate "2014.11.28"]

1. d4 Nf6 2. Nf3 d6 3. c4 Nbd7 4. Nc3 e5 5. e4 Be7 6. Be2 O-O 7. O-O c6 8. Re1
Re8 9. Bf1 Bf8 10. Qc2 Qc7 11. h3 g6 12. Be3 Bg7 13. Rad1 b6 14. b4 Bb7 15. c5
dxc5 16. bxc5 exd4 17. cxb6 axb6 18. Bxd4 c5 19. Nb5 Qf4 20. Be3 Bxe4 21. Qd2
Qb8 22. Bf4 Qb7 23. Ng5 Bd5 24. Nd6 Rxe1 25. Nxb7 Rxd1 26. Qxd1 h6 27. Nxf7 Bxf7
28. a4 g5 29. Bg3 Nf8 30. Nd6 Bg6 31. Qf3 Rd8 32. Qb3+ Kh7 33. Qxb6 Ra8 34. Qc6
Ra7 35. Be5 Re7 36. Bxf6 Bxf6 37. Nf5 Re6 38. Qxc5 Bxf5 39. Qxf8 Bg6 40. a5 Bg7
41. Qa3 Re1 42. a6 Ra1 43. Qe3 Bf7 44. a7 Kg8 45. Kh2 1-0

[Event "ch-RUS Superfinal w 2014"]
[Site "Kazan RUS"]
[Date "2014.12.04"]
[Round "6.5"]
[White "Kashlinskaya, Alina"]
[Black "Girya, Olga"]
[Result "0-1"]
[WhiteTitle "IM"]
[BlackTitle "WGM"]
[WhiteElo "2439"]
[BlackElo "2457"]
[WhiteFideId "4198026"]
[BlackFideId "4195752"]
[EventDate "2014.11.28"]

1. d4 Nf6 2. c4 e6 3. Nc3 Bb4 4. e3 O-O 5. Bd3 c5 6. Nf3 d5 7. O-O cxd4 8. exd4
dxc4 9. Bxc4 b6 10. Qe2 Nc6 11. a3 Bxc3 12. bxc3 Na5 13. Bd3 Bb7 14. Bg5 Rc8 15.
Rac1 Qd6 16. Ne5 Qd5 17. f3 Nd7 18. Nxd7 Qxd7 19. Be3 Qa4 20. c4 Ba6 21. c5 Bxd3
22. Qxd3 Rcd8 23. Qa6 Qxa3 24. Rfe1 Qb3 25. c6 Rc8 26. c7 Qd5 27. Qxa7 Nc4 28.
Bf2 Ra8 29. Rxc4 Qxc4 30. Qxb6 Rfc8 31. Bg3 h5 32. h4 Ra2 33. Qc5 Qd3 34. Bf4
Rc2 35. Qb6 R8xc7 36. Re5 Qd1+ 37. Kh2 Rxg2+ 38. Kxg2 Rc2+ 0-1

[Event "ch-RUS Superfinal w 2014"]
[Site "Kazan RUS"]
[Date "2014.12.05"]
[Round "7.1"]
[White "Galliamova, Alisa"]
[Black "Goryachkina, Aleksandra"]
[Result "1/2-1/2"]
[WhiteTitle "IM"]
[BlackTitle "WGM"]
[WhiteElo "2471"]
[BlackElo "2438"]
[WhiteFideId "4129725"]
[BlackFideId "4147103"]
[EventDate "2014.11.28"]

1. d4 d5 2. c4 c6 3. Nc3 Nf6 4. e3 e6 5. b3 Nbd7 6. Bb2 Bd6 7. Nf3 O-O 8. Bd3 b6
9. O-O Bb7 10. Qe2 Qe7 11. Rad1 Rfd8 12. e4 dxe4 13. Nxe4 Nxe4 14. Qxe4 Nf6 15.
Qh4 h6 16. Rfe1 Ba3 17. Ba1 a5 18. Bc2 Qf8 19. Re3 Be7 20. Qf4 Rac8 21. Rde1 g5
22. Qg3 Nh5 23. Qe5 Qg7 24. Qe4 Nf4 25. Ne5 f5 26. Qf3 Bf6 27. c5 Nd5 28. R3e2
g4 29. Qg3 h5 30. b4 Ba6 31. Rd2 axb4 32. Qb3 bxc5 33. dxc5 Bb5 34. g3 Kh8 35.
Rdd1 Ra8 36. Bd4 Ba4 37. Qb2 Bxc2 38. Qxc2 Rdc8 39. Ba1 Kg8 40. Qe2 Kh8 41. h3
Rc7 42. hxg4 hxg4 43. Kg2 Nc3 44. Bxc3 bxc3 45. Qc4 Bxe5 46. Qxe6 Qf6 47. Qxe5
Qxe5 48. Rxe5 c2 49. Rc1 Rxa2 50. Re2 Rd7 51. Rcxc2 Rxc2 52. Rxc2 Kg7 53. f3 Rd4
54. fxg4 fxg4 55. Kf2 Kf6 56. Ke3 Ke5 1/2-1/2

[Event "ch-RUS Superfinal w 2014"]
[Site "Kazan RUS"]
[Date "2014.12.05"]
[Round "7.2"]
[White "Girya, Olga"]
[Black "Kosteniuk, Alexandra"]
[Result "1/2-1/2"]
[WhiteTitle "WGM"]
[BlackTitle "GM"]
[WhiteElo "2457"]
[BlackElo "2541"]
[WhiteFideId "4195752"]
[BlackFideId "4128125"]
[EventDate "2014.11.28"]

1. d4 Nf6 2. c4 e6 3. Nf3 Nc6 4. e3 d6 5. Nc3 g6 6. Be2 Bg7 7. O-O O-O 8. b3 e5
9. Ba3 exd4 10. exd4 Nh5 11. Qd2 Bg4 12. Bb2 Re8 13. d5 Ne5 14. Nxe5 Bxe2 15.
Nxf7 Qf6 16. Nxe2 Qxb2 17. Nh6+ Kf8 18. Qxb2 Bxb2 19. Rae1 a5 20. Ng4 a4 21. Ne3
axb3 22. axb3 Ra2 23. g4 Ng7 24. Rd1 Be5 25. Rfe1 h5 26. h3 hxg4 27. hxg4 Kf7
28. Rd3 Bf6 29. Nc3 Rb2 30. Nb5 Re7 31. Kf1 Be5 32. Re2 Rb1+ 33. Kg2 Ne8 34. Ra2
Nf6 35. Ra7 Ne4 36. Na3 Rb2 37. Nd1 Ra2 38. Nb5 Rxa7 39. Nxa7 Kf6 40. b4 Rh7 41.
Nb5 Rh2+ 42. Kf3 Ng5+ 43. Ke3 c6 44. dxc6 bxc6 45. Na7 c5 46. b5 Bd4+ 47. Ke2
Nh3 48. Rf3+ Kg5 49. Rf8 d5 50. b6 Nf4+ 51. Ke1 dxc4 52. b7 c3 53. Nxc3 Bxc3+
54. Kd1 Rxf2 55. Rxf4 Rb2 56. Rf7 Be5 57. Nc6 Bf4 58. Rxf4 Kxf4 59. b8=Q+ Rxb8
60. Nxb8 Ke5 1/2-1/2

[Event "ch-RUS Superfinal w 2014"]
[Site "Kazan RUS"]
[Date "2014.12.05"]
[Round "7.3"]
[White "Pogonina, Natalija"]
[Black "Kovalevskaya, Ekaterina"]
[Result "1/2-1/2"]
[WhiteTitle "WGM"]
[BlackTitle "IM"]
[WhiteElo "2480"]
[BlackElo "2439"]
[WhiteFideId "4147855"]
[BlackFideId "4116704"]
[EventDate "2014.11.28"]

1. d4 Nf6 2. c4 c5 3. d5 b5 4. cxb5 a6 5. bxa6 g6 6. Nc3 Bg7 7. e4 O-O 8. Nf3
Qa5 9. Nd2 Bxa6 10. Bxa6 Qxa6 11. a4 e6 12. dxe6 fxe6 13. Nb5 Qc6 14. Qe2 Na6
15. O-O Nb4 16. e5 Nfd5 17. Nc4 Nf4 18. Bxf4 Rxf4 19. f3 g5 20. b3 Raf8 21. Nbd6
Rd4 22. Rad1 Nd5 23. Rxd4 cxd4 24. Qd2 Nf4 25. Re1 d3 26. Ne4 h6 27. Kh1 Qb7 28.
Qd1 Qd5 29. Nf2 Qd4 30. Rf1 Rb8 31. g3 Nd5 32. Nxd3 Qc3 33. Nc5 Bf8 34. Ne4 Qxb3
35. Qxb3 Rxb3 36. Ra1 Rb4 37. Ned6 Bxd6 38. Nxd6 Nc7 39. a5 Na6 40. Ra2 Rb1+ 41.
Kg2 Kg7 42. Kf2 Kg6 43. g4 Rc1 44. Ne4 Rb1 45. Nd2 Rc1 46. Ra4 Rc5 47. Nc4 Kf7
48. Ke3 Ke7 49. Kd2 Rd5+ 50. Kc2 Rb5 51. Ra1 Rb4 52. Kc3 Rb5 53. Rd1 Nb8 54. Rd2
Rc5 55. Ra2 Nc6 56. Kb3 Rb5+ 57. Kc3 Rc5 58. Kb3 Rb5+ 1/2-1/2

[Event "ch-RUS Superfinal w 2014"]
[Site "Kazan RUS"]
[Date "2014.12.05"]
[Round "7.4"]
[White "Bodnaruk, Anastasia"]
[Black "Gunina, Valentina"]
[Result "0-1"]
[WhiteTitle "IM"]
[BlackTitle "GM"]
[WhiteElo "2411"]
[BlackElo "2522"]
[WhiteFideId "4181751"]
[BlackFideId "4167570"]
[EventDate "2014.11.28"]

1. e4 e5 2. Nc3 Nf6 3. g3 Bc5 4. Bg2 O-O 5. Nge2 d6 6. O-O Nc6 7. d3 Bg4 8. h3
Bh5 9. Kh1 Nd4 10. f3 Nd7 11. Nxd4 Bxd4 12. Ne2 Bb6 13. c3 c6 14. d4 Bg6 15. f4
f6 16. g4 Re8 17. Ng3 Nf8 18. f5 Bf7 19. d5 a5 20. a4 Rc8 21. Ra3 Bc5 22. Ra2
Ba7 23. b3 cxd5 24. exd5 Rxc3 25. Ne4 Rc8 26. g5 Rxc1 27. Qxc1 fxg5 28. f6 h6
29. h4 Nh7 30. hxg5 hxg5 31. Nxg5 Nxf6 32. Nxf7 Kxf7 33. Bh3 Rh8 34. Rh2 Ke7 35.
Rf3 Rh7 36. Be6 Rxh2+ 37. Kxh2 Bc5 38. Qg5 Qf8 39. Rh3 Kd8 40. Rh7 Kc7 41. Rxg7+
Kb6 42. Rf7 Qh8+ 43. Bh3 Nxd5 44. Qg2 e4 45. Qxe4 Qg8 46. Rf1 Ne3 47. Rc1 Qg5
48. Rg1 Qf6 49. Kh1 Ka7 50. Rg3 d5 51. Qh7 Qf8 52. Qc7 Bb6 53. Qd7 Qf4 54. Rg7
Qf3+ 55. Kh2 d4 56. Rf7 Qe4 57. Qe7 Qc2+ 58. Kg3 Qc6 59. Qd7 Qh1 60. Re7 Bc5 61.
Rf7 Qg1+ 62. Kf3 Qd1+ 63. Kg3 Qxb3 64. Kh4 d3 65. Be6 Qb4+ 66. Kg5 d2 67. Bd5
d1=Q 68. Bxb7 Qxd7 0-1

[Event "ch-RUS Superfinal w 2014"]
[Site "Kazan RUS"]
[Date "2014.12.05"]
[Round "7.5"]
[White "Gritsayeva, Oksana"]
[Black "Kashlinskaya, Alina"]
[Result "0-1"]
[WhiteTitle "WFM"]
[BlackTitle "IM"]
[WhiteElo "2335"]
[BlackElo "2439"]
[WhiteFideId "14104652"]
[BlackFideId "4198026"]
[EventDate "2014.11.28"]

1. e4 c5 2. Nf3 d6 3. d4 cxd4 4. Nxd4 Nf6 5. f3 e5 6. Bb5+ Nbd7 7. Nf5 d5 8.
exd5 a6 9. Be2 Nb6 10. Ne3 Bc5 11. c4 O-O 12. Nc3 Bd7 13. g3 Bh3 14. Qd3 Rc8 15.
Bf1 Bxf1 16. Rxf1 Bxe3 17. Bxe3 Nxc4 18. Rf2 e4 19. Nxe4 Nxd5 20. Bg5 Qa5+ 21.
Kf1 h6 22. Bd2 Qb5 23. b3 Nce3+ 24. Ke2 Qxd3+ 25. Kxd3 Rfd8 26. Rc1 Nc2 27. Ke2
f5 28. Ba5 b6 29. Bd2 fxe4 30. fxe4 Ndb4 31. Bxb4 Nd4+ 0-1

[Event "ch-RUS Superfinal w 2014"]
[Site "Kazan RUS"]
[Date "2014.12.06"]
[Round "8.1"]
[White "Kovalevskaya, Ekaterina"]
[Black "Galliamova, Alisa"]
[Result "0-1"]
[WhiteTitle "IM"]
[BlackTitle "IM"]
[WhiteElo "2439"]
[BlackElo "2471"]
[WhiteFideId "4116704"]
[BlackFideId "4129725"]
[EventDate "2014.11.28"]

1. e4 c5 2. Nf3 e6 3. d4 cxd4 4. Nxd4 Nf6 5. Nc3 d6 6. g4 h6 7. Rg1 g5 8. Be3
Nc6 9. Qd2 a6 10. O-O-O Ne5 11. f3 Ng6 12. Nb3 Nd7 13. Qf2 b5 14. h4 Nxh4 15. f4
Ng6 16. Bd4 Rg8 17. f5 Nge5 18. fxe6 fxe6 19. Qh2 Qf6 20. Bxb5 axb5 21. Nxb5 Ra4
22. Rgf1 Qg6 23. Bxe5 Nxe5 24. Rxd6 Qxe4 25. Rdd1 Qe3+ 26. Kb1 Re4 27. Nc3 Rxg4
28. Qh5+ Rg6 29. Rfe1 Qf4 30. Rxe5 Qxe5 31. Qxg6+ Ke7 32. Qh7+ Bg7 33. Qd3 Kf7
34. Qf3+ Qf4 35. Qc6 Qc4 36. Nc5 Bxc3 37. Qxc8 Bf6 38. Qb7+ Kg6 39. Nd3 Bg7 40.
Re1 Qd5 41. Qe7 Re4 42. Rf1 Kh7 43. a3 Rh4 44. Nc1 Qb5 45. Nd3 Qd5 46. Nc1 Rf4
47. Re1 e5 48. Nd3 Rf5 49. a4 g4 50. Qh4 e4 51. Nc1 Rg5 52. a5 Qb5 53. Nb3 Qe5
54. c3 e3 55. Nd4 g3 56. Qh1 g2 57. Qg1 Qe4+ 58. Nc2 Rg3 59. Ka2 Qxc2 0-1

[Event "ch-RUS Superfinal w 2014"]
[Site "Kazan RUS"]
[Date "2014.12.06"]
[Round "8.2"]
[White "Gunina, Valentina"]
[Black "Pogonina, Natalija"]
[Result "1-0"]
[WhiteTitle "GM"]
[BlackTitle "WGM"]
[WhiteElo "2522"]
[BlackElo "2480"]
[WhiteFideId "4167570"]
[BlackFideId "4147855"]
[EventDate "2014.11.28"]

1. d4 Nf6 2. Nf3 d5 3. c4 e6 4. Nc3 Be7 5. Bg5 h6 6. Bh4 O-O 7. e3 Ne4 8. Bxe7
Qxe7 9. Rc1 c6 10. Qc2 Nd7 11. a3 Nxc3 12. Qxc3 dxc4 13. Bxc4 b6 14. O-O Bb7 15.
Rfd1 Rfd8 16. Be2 Rac8 17. b4 c5 18. dxc5 bxc5 19. b5 Bd5 20. a4 Nf6 21. Ne5 Ne4
22. Qc2 Qc7 23. Nd3 Qb6 24. Nf4 Bb7 25. Rxd8+ Rxd8 26. Nd3 Rc8 27. Ne5 Qc7 28.
Qb2 Nf6 29. f3 Nd7 30. Nxd7 Qxd7 31. Rd1 Qc7 32. Qc3 Bd5 33. e4 Ba8 34. Qd2 c4
35. Qd7 Qc5+ 36. Qd4 Qc7 37. Qc3 a6 38. Rb1 axb5 39. axb5 Qc5+ 40. Kf1 Qh5 41.
h3 Bb7 42. Rb4 Rd8 43. Rb1 Rc8 44. Qd4 c3 45. Rc1 c2 46. Bc4 Qg5 47. Rxc2 Rd8
48. Qa1 Qc5 49. Qc1 Qd4 50. Be2 Kh7 51. Rc4 Qe5 52. Rc5 Qh2 53. Kf2 Rd7 54. e5
Rd8 55. Rc7 Ba8 56. Qc2+ Kg8 1-0

[Event "ch-RUS Superfinal w 2014"]
[Site "Kazan RUS"]
[Date "2014.12.06"]
[Round "8.3"]
[White "Kosteniuk, Alexandra"]
[Black "Goryachkina, Aleksandra"]
[Result "1-0"]
[WhiteTitle "GM"]
[BlackTitle "WGM"]
[WhiteElo "2541"]
[BlackElo "2438"]
[WhiteFideId "4128125"]
[BlackFideId "4147103"]
[EventDate "2014.11.28"]

1. e4 e5 2. Nf3 Nc6 3. Bb5 Nf6 4. d3 d6 5. O-O Bd7 6. Re1 a6 7. Ba4 g6 8. d4
Nxd4 9. Bxd7+ Nxd7 10. Nxd4 exd4 11. Qxd4 Qf6 12. Qd5 c6 13. Qb3 O-O-O 14. Nd2
Ne5 15. a4 g5 16. Qb6 Rd7 17. Rb1 Qd8 18. Qe3 g4 19. b4 h5 20. b5 c5 21. bxa6
bxa6 22. Qb3 Qc7 23. Bb2 Bg7 24. Bxe5 Bxe5 25. Nc4 Bxh2+ 26. Kh1 Be5 27. Nb6+
Kd8 28. Qd5 Qb7 29. Nxd7 1-0

[Event "ch-RUS Superfinal w 2014"]
[Site "Kazan RUS"]
[Date "2014.12.06"]
[Round "8.4"]
[White "Girya, Olga"]
[Black "Gritsayeva, Oksana"]
[Result "1-0"]
[WhiteTitle "WGM"]
[BlackTitle "WFM"]
[WhiteElo "2457"]
[BlackElo "2335"]
[WhiteFideId "4195752"]
[BlackFideId "14104652"]
[EventDate "2014.11.28"]

1. d4 d6 2. Nf3 g6 3. c4 Bg7 4. e4 Bg4 5. Be2 Bxf3 6. Bxf3 Nc6 7. Be3 e5 8. d5
Nd4 9. Nc3 Ne7 10. g3 O-O 11. Bg2 c5 12. h4 f5 13. h5 Qa5 14. hxg6 hxg6 15. exf5
gxf5 16. Rc1 Rf7 17. Qd2 Ng6 18. Rh5 Re8 19. Rg5 Nf8 20. Kf1 Nh7 21. Rg6 Rf6 22.
Ne4 Qxd2 23. Nxf6+ Nxf6 24. Bxd2 Kf7 25. Rxg7+ Kxg7 26. b4 b6 27. bxc5 bxc5 28.
Rb1 Re7 29. Bh3 Ne4 30. Ba5 Kf7 31. Kg2 Ng5 32. Bd8 e4 33. Bxe7 Kxe7 34. Rb7+
Kf6 35. Rxa7 Ngf3 36. a4 Ne5 37. a5 Nc2 38. a6 Nb4 39. Rf7+ 1-0

[Event "ch-RUS Superfinal w 2014"]
[Site "Kazan RUS"]
[Date "2014.12.06"]
[Round "8.5"]
[White "Kashlinskaya, Alina"]
[Black "Bodnaruk, Anastasia"]
[Result "1/2-1/2"]
[WhiteTitle "IM"]
[BlackTitle "IM"]
[WhiteElo "2439"]
[BlackElo "2411"]
[WhiteFideId "4198026"]
[BlackFideId "4181751"]
[EventDate "2014.11.28"]

1. d4 Nf6 2. c4 g6 3. Nf3 Bg7 4. g3 c5 5. Bg2 Qa5+ 6. Nc3 Ne4 7. Qd3 cxd4 8.
Nxd4 Nc5 9. Qe3 Nc6 10. Nb5 Ne6 11. Bd2 Qd8 12. O-O O-O 13. Rad1 a6 14. Na3 Ned4
15. Nd5 e6 16. Nf4 f5 17. Bc3 e5 18. Nd5 d6 19. Qd2 f4 20. Nc2 f3 21. exf3 Nxf3+
22. Bxf3 Rxf3 23. Kg2 Rf7 24. Nde3 Qd7 25. Qxd6 Qh3+ 26. Kg1 Be6 27. Qd3 Raf8
28. Qe2 e4 29. Bxg7 Kxg7 30. Nd4 Ne5 31. Nxe6+ Qxe6 32. Kg2 Rf3 33. Rd4 Nd3 34.
Nd1 Qh3+ 35. Kxh3 Nf4+ 36. Kh4 Ng2+ 37. Kh3 Nf4+ 38. Kh4 Ng2+ 39. Kh3 Nf4+ 1/2-1/2

[Event "ch-RUS Superfinal w 2014"]
[Site "Kazan RUS"]
[Date "2014.12.07"]
[Round "9.1"]
[White "Galliamova, Alisa"]
[Black "Gunina, Valentina"]
[Result "0-1"]
[WhiteTitle "IM"]
[BlackTitle "GM"]
[WhiteElo "2471"]
[BlackElo "2522"]
[WhiteFideId "4129725"]
[BlackFideId "4167570"]
[EventDate "2014.11.28"]

1. d4 d5 2. c4 c6 3. Nc3 Nf6 4. e3 e6 5. b3 Bb4 6. Bd2 Nbd7 7. a3 Bd6 8. c5 Bc7
9. f4 Ne4 10. Nxe4 dxe4 11. Ne2 O-O 12. Nc3 f6 13. Nxe4 e5 14. Bc4+ Kh8 15. O-O
exd4 16. exd4 Re8 17. Ng3 b5 18. Bf7 Re7 19. Bh5 Nf8 20. Ne2 Bf5 21. Bf3 Be4 22.
Bc3 Qd5 23. Bxe4 Rxe4 24. Bb2 Re3 25. Nc3 Qf5 26. Qb1 Qd7 27. Qd1 Rae8 28. Qd2
Qg4 29. Qd1 Qf5 30. d5 cxd5 31. Nxb5 Bxf4 32. Nd6 Qg6 33. Nxe8 Rd3 34. Qb1 Bxh2+
35. Kh1 Bg3 36. Kg1 Qh6 37. Rxf6 Qe3+ 38. Kh1 gxf6 39. Nxf6 Qh6+ 40. Nh5+ d4 41.
Qxd3 Qxh5+ 42. Kg1 Qh2+ 43. Kf1 Qh1+ 44. Ke2 Qxg2+ 45. Kd1 Qxb2 46. Rc1 Bf4 47.
Rc4 Be3 48. Rc2 Qb1+ 49. Ke2 Ne6 50. Qf5 Nf4+ 51. Kf3 Qf1+ 52. Ke4 Qh1+ 53. Ke5
Qd5+ 54. Kf6 Nh5+ 0-1

[Event "ch-RUS Superfinal w 2014"]
[Site "Kazan RUS"]
[Date "2014.12.07"]
[Round "9.2"]
[White "Bodnaruk, Anastasia"]
[Black "Girya, Olga"]
[Result "1-0"]
[WhiteTitle "IM"]
[BlackTitle "WGM"]
[WhiteElo "2411"]
[BlackElo "2457"]
[WhiteFideId "4181751"]
[BlackFideId "4195752"]
[EventDate "2014.11.28"]

1. e4 c6 2. d4 d5 3. e5 Bf5 4. h4 h5 5. c4 e6 6. Nc3 Ne7 7. Nge2 Nd7 8. cxd5
Nxd5 9. Ng3 Bg6 10. Nxd5 cxd5 11. Be2 Rc8 12. Bxh5 Bc2 13. Qe2 g6 14. Bg4 Rxh4
15. Rxh4 Qxh4 16. Bd2 Bf5 17. Bxf5 gxf5 18. Bc3 a6 19. Qh5 Qxh5 20. Nxh5 b5 21.
a4 b4 22. Bd2 Rc4 23. Rc1 Kd8 24. Be3 b3 25. Rxc4 dxc4 26. Bd2 Kc8 27. a5 Kb7
28. f3 Kc6 29. g4 fxg4 30. fxg4 Kb5 31. Ng3 Kc6 32. Ke2 Kd5 33. Bc3 Nb8 34. Nh5
Be7 35. Kf3 Bg5 36. Nf6+ Bxf6 37. exf6 Nd7 38. g5 Nf8 39. Kg4 Ke4 40. Kh5 Kf5
41. Kh6 Nd7 42. Bd2 e5 43. d5 e4 44. Kg7 Ne5 45. Bc3 e3 46. g6 Nxg6 47. Kxf7 e2
48. Kg7 Ne5 49. f7 Nd7 50. f8=Q+ Nxf8 51. Kxf8 e1=Q 52. Bxe1 Ke5 53. Ke7 Kxd5
54. Kd7 Kc5 55. Ke6 Kb5 56. Kd5 Ka4 57. Kd4 Kb5 58. Kd5 Ka4 59. Kd6 Kb5 60. Kc7
Ka4 61. Kb7 Kb5 62. Bd2 Ka4 63. Kxa6 c3 64. Bc1 1-0